Entrepreneurship Development (Record no. 60015)
[ view plain ]
| 000 -LEADER | |
|---|---|
| fixed length control field | 00457nam a22001937a 4500 |
| 005 - DATE & TIME | |
| control field | 20260120165608.0 |
| 008 - FIXED-LENGTH DATA ELEMENTS--GENERAL INFORMATION | |
| fixed length control field | 260120b |||||||| |||| 00| 0 eng d |
| 020 ## - ISBN | |
| Price | 160.00 |
| 040 ## - CATALOGING SOURCE | |
| Original cataloging agency | Doon University |
| 041 ## - Language | |
| Language | Chinese |
| 082 ## - DDC NUMBER | |
| Classification number | 338.04 |
| Book Number | KUM |
| 100 ## - MAIN ENTRY--PERSONAL NAME | |
| Personal name | Kumar, Saroj |
| 245 ## - TITLE STATEMENT | |
| Title | Entrepreneurship Development |
| 260 ## - PUBLICATION, DISTRIBUTION, ETC. (IMPRINT) | |
| Place of publication, distribution, etc | New Delhi |
| Name of publisher, distributor, etc | Thakur |
| Date of publication, distribution, etc | 2022 |
| 300 ## - PHYSICAL DESCRIPTION | |
| Pages | 176 |
| 650 ## - Subject | |
| Subject | Commerce |
| 700 ## - Added Entry Personal Name | |
| Added Entry Personal Name | Dubey, Namrata |
| 942 ## - ADDED ENTRY ELEMENTS (KOHA) | |
| Koha item type | Books |
| 100 ## - MAIN ENTRY--PERSONAL NAME | |
| -- | 25976 |
| 700 ## - Added Entry Personal Name | |
| -- | 25977 |
| 952 ## - LOCATION AND ITEM INFORMATION (KOHA) | |
| -- | 2026-01-20 |
| 952 ## - LOCATION AND ITEM INFORMATION (KOHA) | |
| -- | 2026-01-20 |
| 952 ## - LOCATION AND ITEM INFORMATION (KOHA) | |
| -- | 2026-01-20 |
| 952 ## - LOCATION AND ITEM INFORMATION (KOHA) | |
| -- | 2026-01-20 |
| 952 ## - LOCATION AND ITEM INFORMATION (KOHA) | |
| -- | 2026-01-20 |
| Withdrawn status | Lost status | Source of classification or shelving scheme | Damaged status | Not for loan | Location (home branch) | Sublocation or collection (holding branch) | Date acquired | Koha full call number | Accession No. | Koha date last seen | Koha item type |
|---|---|---|---|---|---|---|---|---|---|---|---|
| Not For Loan | Doon University | Doon University | 20.01.2026 | 338.04 KUM | 51459 | 20.01.2026 | Reference | ||||
| Doon University | Doon University | 20.01.2026 | 338.04 KUM | 51460 | 20.01.2026 | Books | |||||
| Doon University | Doon University | 20.01.2026 | 338.04 KUM | 51461 | 20.01.2026 | Books | |||||
| Doon University | Doon University | 20.01.2026 | 338.04 KUM | 51462 | 20.01.2026 | Books | |||||
| Doon University | Doon University | 20.01.2026 | 338.04 KUM | 51463 | 20.01.2026 | Books |